[Event "Titled Tuesday intern op 27th Feb Late"]
[Site "Chess.com INT"]
[Date "2024.02.27"]
[Round "10"]
[White "Zavgorodniy, Sergiy"]
[Black "Georgiadis, Nico"]
[Result "0-1"]
[WhiteElo "2401"]
[BlackElo "2547"]
[PlyCount "30"]
[EventDate "2024.02.27"]
[EventType "swiss (blitz)"]
[EventRounds "11"]
[EventCountry "USA"]
[SourceTitle "CB10_2024"]
[SourceDate "2024.03.06"]
[SourceVersion "1"]
[SourceVersionDate "2024.03.06"]
[SourceQuality "1"]

1. d4 Nf6 2. c4 c5 3. Nf3 cxd4 4. Nxd4 e5 5. Nb5 d5 6. cxd5 Bc5 7. N5c3 0-0 8. g3 Ng4 9. e3 f5 10. Be2 Nd7 11. Bxg4 fxg4 12. 0-0 e4 13. Nxe4 Bb6 14. Qxg4 Ne5 15. Qg5 Nf3+ 0-1

[Event "Mitropa Cup"]
[Site "Apolda"]
[Date "2024.02.21"]
[Round "7.13"]
[White "Baidetsky, Valentin"]
[Black "Georgiadis, Nico"]
[Result "0-1"]
[WhiteElo "2497"]
[BlackElo "2547"]
[PlyCount "84"]
[EventDate "2024.02.15"]
[EventType "team-tourn"]
[EventRounds "9"]
[EventCountry "GER"]
[SourceTitle "CB09_2024"]
[SourceDate "2024.02.28"]
[SourceVersion "1"]
[SourceVersionDate "2024.02.28"]
[SourceQuality "1"]
[WhiteTeam "Austria"]
[BlackTeam "Switzerland"]
[WhiteTeamCountry "AUT"]
[BlackTeamCountry "SUI"]

1. e4 c5 2. Nf3 d6 3. d4 cxd4 4. Nxd4 Nf6 5. Nc3 a6 6. Qd3 Nbd7 7. Be2 e6 8. g4 h6 9. g5 hxg5 10. Bxg5 b5 11. a3 Bb7 12. f4 Rc8 13. Bf3 Qa5 14. Nb3 Qb6 15. 0-0-0 Rh3 16. Qf1 Qe3+ 17. Nd2 Rxf3 18. Qxf3 Qxf3 19. Nxf3 Nxe4 20. Rhf1 Nxc3 21. bxc3 Rxc3 22. Rd3 Rc8 23. Re1 g6 24. h4 f6 25. Bxf6 Bxf3 26. Rxf3 Nxf6 27. Rxe6+ Kf7 28. Ree3 Bh6 29. Kb2 Nh5 30. Kb3 Rc5 31. Rd3 Ke6 32. Rfe3+ Kd7 33. Re5 Nxf4 34. Rxc5 Nxd3 35. Rd5 Nc5+ 36. Ka2 Kc6 37. Rd1 Nd7 38. Rf1 a5 39. Rf7 a4 40. h5 gxh5 41. Rh7 Be3 42. Rxh5 Nb6 0-1

[Event "EU-chT 24th"]
[Site "Budva"]
[Date "2023.11.17"]
[Round "6.1"]
[White "Carlsen, Magnus"]
[Black "Georgiadis, Nico"]
[Result "1-0"]
[WhiteElo "2829"]
[BlackElo "2556"]
[PlyCount "139"]
[EventDate "2023.11.11"]
[EventType "team-swiss"]
[EventRounds "9"]
[EventCountry "MNE"]
[SourceTitle "CB47_2023"]
[SourceDate "2023.11.22"]
[SourceVersion "1"]
[SourceVersionDate "2023.11.22"]
[SourceQuality "1"]
[WhiteTeam "Norway"]
[BlackTeam "Switzerland"]
[WhiteTeamCountry "NOR"]
[BlackTeamCountry "SUI"]

1. e4 c5 2. Nf3 d6 3. Bc4 Nf6 4. d3 Nc6 5. 0-0 e6 6. a4 Be7 7. Bb3 d5 8. Nbd2 b6 9. Re1 dxe4 10. dxe4 Ba6 11. e5 Nd5 12. Nc4 0-0 13. c3 Na5 14. Nxa5 bxa5 15. Bc2 Nb6 16. Nd2 Bd3 17. Ne4 Bxc2 18. Qxc2 c4 19. Re3 Qd5 20. Rg3 Qxe5 21. Bh6 g6 22. Bxf8 Rxf8 23. Nd2 Rd8 24. Re3 Qd5 25. Nf3 Bf6 26. g3 Kg7 27. Qe2 Qc5 28. Re4 Rd3 29. Ne5 Bxe5 30. Rxe5 Nd5 31. Re4 Nb6 32. Re5 Nd5 33. Re1 Qc6 34. Re4 Nb6 35. Rd4 Rxd4 36. Qe5+ Kg8 37. Qxd4 Qxa4 38. h4 h5 39. g4 hxg4 40. h5 gxh5 41. Re5 Nd5 42. Rxh5 Kf8 43. Rh7 Ke8 44. Qxg4 Nf6 45. Rh8+ Ke7 46. Qg5 Qd1+ 47. Kg2 Qg4+ 48. Qxg4 Nxg4 49. Ra8 Ne5 50. Rxa7+ Kd6 51. Rxa5 Nd3 52. Ra2 f5 53. Ra6+ Kd5 54. Rb6 e5 55. f3 Kc5 56. Rb8 Kd5 57. Kf1 f4 58. Ke2 Nc5 59. Rd8+ Ke6 60. Kf1 Na4 61. Rb8 Nc5 62. Kg2 Nd3 63. Kh3 Kf5 64. Kh4 Ne1 65. Rf8+ Kg6 66. Kg4 Nd3 67. Rc8 Nxb2 68. Rc6+ Kf7 69. Kf5 Nd1 70. Rc7+ 1-0

[Event "Bundesliga 2223"]
[Site "Germany"]
[Date "2022.11.27"]
[Round "4.3"]
[White "Georgiadis, Nico"]
[Black "Korobov, Anton"]
[Result "0-1"]
[WhiteElo "2577"]
[BlackElo "2672"]
[PlyCount "65"]
[EventDate "2022.10.21"]
[EventType "team-tourn"]
[EventRounds "15"]
[EventCountry "GER"]
[SourceTitle "CBM 211"]
[Source "ChessBase"]
[SourceDate "2022.12.31"]
[SourceVersion "1"]
[SourceVersionDate "2022.12.31"]
[SourceQuality "1"]
[WhiteTeam "Bayern Muenchen"]
[BlackTeam "Viernheim"]
[WhiteTeamCountry "GER"]
[BlackTeamCountry "GER"]

1. e4 e6 2. d4 d5 3. Nc3 Nf6 4. Bg5 dxe4 5. Nxe4 Be7 6. Bxf6 gxf6 7. Qd2 f5 8. Nc3 c6 9. Nf3 Nd7 10. g3 Qc7 11. Bg2 b6 12. 0-0-0 Bb7 13. Kb1 0-0-0 14. Ng5 Rdf8 15. f4 b5 16. Ne2 h6 17. Nf3 c5 18. dxc5 Nxc5 19. Ned4 a6 20. Ne5 Ne4 21. Qe2 Bf6 22. c4 Bxe5 23. fxe5 bxc4 24. g4 Kb8 25. gxf5 exf5 26. Nxf5 Qxe5 27. Rhe1 Rd8 28. Ne3 c3 29. Nc4 Rxd1+ 30. Qxd1 Qf4 31. Rf1 Qc7 32. b3 Rd8 33. Qc2 0-1

[Event "Olympiad-44"]
[Site "Chennai"]
[Date "2022.08.08"]
[Round "10.1"]
[White "Murphy, Conor"]
[Black "Georgiadis, Nico"]
[Result "0-1"]
[WhiteElo "2404"]
[BlackElo "2578"]
[PlyCount "70"]
[EventDate "2022.07.29"]
[EventType "team-swiss"]
[EventRounds "11"]
[EventCountry "IND"]
[SourceTitle "CBM 210"]
[Source "ChessBase"]
[SourceDate "2022.10.31"]
[SourceVersion "1"]
[SourceVersionDate "2022.10.31"]
[SourceQuality "1"]
[WhiteTeam "Ireland"]
[BlackTeam "Switzerland"]
[WhiteTeamCountry "IRL"]
[BlackTeamCountry "SUI"]

1. e4 c5 2. Nf3 d6 3. d4 cxd4 4. Qxd4 Nc6 5. Bb5 a6 6. Bxc6+ bxc6 7. 0-0 e5 8. Qa4 Qc7 9. c4 Nf6 10. Nc3 Bg4 11. Nh4 Nd7 12. Be3 Be7 13. Nf5 Bxf5 14. exf5 0-0 15. Rad1 Rfd8 16. Rd3 h6 17. Ne4 Nf6 18. Nxf6+ Bxf6 19. Rb3 Rab8 20. Rxb8 Rxb8 21. Qxa6 Rxb2 22. a4 d5 23. cxd5 cxd5 24. Rc1 Rc2 25. Qf1 d4 26. Qd1 Rxc1 27. Bxc1 e4 28. Bd2 d3 29. a5 Bg5 30. Bxg5 hxg5 31. a6 Qc2 32. Qf1 d2 33. a7 Qa4 34. g3 Qxa7 35. Qd1 Qd4 0-1

[Event "Bundesliga 2122"]
[Site "Germany"]
[Date "2022.04.10"]
[Round "4.7"]
[White "Georgiadis, Nico"]
[Black "Predojevic, Borki"]
[Result "1/2-1/2"]
[WhiteElo "2562"]
[BlackElo "2585"]
[PlyCount "68"]
[EventDate "2022.03.05"]
[EventType "team-tourn"]
[EventRounds "15"]
[EventCountry "GER"]
[SourceTitle "EXT 2023"]
[Source "ChessBase"]
[SourceDate "2022.10.05"]
[SourceVersion "1"]
[SourceVersionDate "2022.10.05"]
[SourceQuality "1"]
[WhiteTeam "Bayern Muenchen"]
[BlackTeam "Solingen"]
[WhiteTeamCountry "GER"]
[BlackTeamCountry "GER"]

1. e4 c6 2. Nf3 d5 3. Nc3 dxe4 4. Nxe4 Nf6 5. Qe2 Nxe4 6. Qxe4 Nd7 7. Bc4 Nf6 8. Ne5 e6 9. Qe2 b5 10. Bd3 Qc7 11. a4 Bd6 12. Nxc6 b4 13. Nd4 a6 14. Nf5 Bb7 15. Nxd6+ Qxd6 16. f3 Nd5 17. g3 b3 18. c3 h5 19. Be4 h4 20. Rg1 hxg3 21. hxg3 0-0-0 22. Qc4+ Kb8 23. Qxb3 f5 24. Bxd5 Qxd5 25. Qxd5 Bxd5 26. Kf2 Rh2+ 27. Rg2 Rh1 28. d4 Kc8 29. b4 Rdh8 30. Bb2 Rxa1 31. Bxa1 Rh1 32. Rg1 Rxg1 33. Kxg1 Bxf3 34. c4 Bd1 1/2-1/2

[Event "Bundesliga 2122"]
[Site "Germany"]
[Date "2022.04.09"]
[Round "3.8"]
[White "Fedorchuk, Sergey A"]
[Black "Georgiadis, Nico"]
[Result "1/2-1/2"]
[WhiteElo "2604"]
[BlackElo "2562"]
[PlyCount "95"]
[EventDate "2022.03.05"]
[EventType "team-tourn"]
[EventRounds "15"]
[EventCountry "GER"]
[SourceTitle "EXT 2023"]
[Source "ChessBase"]
[SourceDate "2022.10.05"]
[SourceVersion "1"]
[SourceVersionDate "2022.10.05"]
[SourceQuality "1"]
[WhiteTeam "Viernheim"]
[BlackTeam "Bayern Muenchen"]
[WhiteTeamCountry "GER"]
[BlackTeamCountry "GER"]

1. e4 e5 2. Nf3 Nc6 3. Bc4 Bc5 4. d3 Nf6 5. 0-0 d6 6. c3 0-0 7. Re1 a5 8. h3 Be6 9. Bb5 Ba7 10. Nbd2 Ne7 11. Nf1 Ng6 12. Ng3 c6 13. Ba4 d5 14. exd5 Nxd5 15. d4 exd4 16. Nxd4 Bxd4 17. Qxd4 Ndf4 18. Re4 Nd3 19. Bb3 Qxd4 20. Rxd4 Rfd8 21. Rxd8+ Rxd8 22. Bg5 Re8 23. Bxe6 Rxe6 24. Rd1 h6 25. Rxd3 hxg5 26. Rd8+ Kh7 27. Kf1 b5 28. Nf5 Ne5 29. b3 g4 30. hxg4 Nxg4 31. Rd6 Rxd6 32. Nxd6 Kg6 33. c4 b4 34. Nb7 Kf5 35. Nxa5 Ne5 36. Ke2 Ke4 37. Nb7 Kd4 38. Kd2 g6 39. Nd6 f5 40. Nc8 f4 41. Nd6 f3 42. gxf3 Nxf3+ 43. Ke2 Ng1+ 44. Kf1 Nf3 45. Ke2 Ng1+ 46. Kd2 Nf3+ 47. Kc2 Ne1+ 48. Kd2 1/2-1/2

[Event "AUT-chT 2122"]
[Site "Austria"]
[Date "2022.03.25"]
[Round "6.2"]
[White "Saric, Ivan"]
[Black "Georgiadis, Nico"]
[Result "1-0"]
[WhiteElo "2665"]
[BlackElo "2553"]
[PlyCount "83"]
[EventDate "2021.11.04"]
[EventType "team-tourn"]
[EventRounds "11"]
[EventCountry "AUT"]
[SourceTitle "EXT 2023"]
[Source "ChessBase"]
[SourceDate "2022.10.05"]
[SourceVersion "1"]
[SourceVersionDate "2022.10.05"]
[SourceQuality "1"]
[WhiteTeam "St Veit"]
[BlackTeam "Goetzis"]
[WhiteTeamCountry "AUT"]
[BlackTeamCountry "AUT"]

1. e4 e5 2. Nf3 Nc6 3. Bb5 Nf6 4. d3 Bc5 5. c3 0-0 6. 0-0 d6 7. Re1 Ne7 8. d4 Bb6 9. a4 c6 10. Bd3 Ng6 11. h3 Re8 12. Qc2 Bc7 13. Be3 h6 14. Nbd2 a5 15. dxe5 dxe5 16. b4 Be6 17. Bc4 axb4 18. cxb4 Bb6 19. Bxb6 Qxb6 20. Qc3 Bxc4 21. Nxc4 Qc7 22. a5 Rad8 23. g3 Re6 24. h4 Re7 25. Nb6 Qb8 26. Qc5 Nd7 27. Nxd7 Rdxd7 28. a6 bxa6 29. Rxa6 Re6 30. Kg2 Ne7 31. Rea1 Qd6 32. Ra8+ Kh7 33. Rf8 Ng6 34. Qxd6 Rexd6 35. Re8 f6 36. h5 Nh8 37. Raa8 Nf7 38. Rf8 Rd8 39. Raxd8 Nxd8 40. Nh4 Rd7 41. Ng6 Nf7 42. Kf3 1-0

[Event "Bundesliga 2122"]
[Site "Germany"]
[Date "2022.03.05"]
[Round "1.4"]
[White "Georgiadis, Nico"]
[Black "Gumularz, Szymon"]
[Result "1-0"]
[WhiteElo "2562"]
[BlackElo "2539"]
[PlyCount "79"]
[EventDate "2022.03.05"]
[EventType "team-tourn"]
[EventRounds "15"]
[EventCountry "GER"]
[SourceTitle "EXT 2023"]
[Source "ChessBase"]
[SourceDate "2022.10.05"]
[SourceVersion "1"]
[SourceVersionDate "2022.10.05"]
[SourceQuality "1"]
[WhiteTeam "Bayern Muenchen"]
[BlackTeam "Berlin SF"]
[WhiteTeamCountry "GER"]
[BlackTeamCountry "GER"]

1. e4 e5 2. Nf3 Nc6 3. Bb5 a6 4. Ba4 Nf6 5. 0-0 b5 6. Bb3 Bc5 7. a4 Rb8 8. c3 d6 9. d4 Bb6 10. a5 Ba7 11. h3 0-0 12. Be3 Re8 13. Nbd2 Bb7 14. Ng5 Rf8 15. Ndf3 d5 16. exd5 Nxd5 17. Qb1 g6 18. Qa2 Nce7 19. Nxe5 Qc8 20. Ngf3 f6 21. Nd3 Kh8 22. Rfe1 g5 23. Nh2 Bc6 24. Bd1 Qb7 25. Bf3 Nf5 26. c4 bxc4 27. Qxc4 Nh4 28. Rac1 Nxf3+ 29. Nxf3 Bb5 30. Qc2 Rbe8 31. Bd2 Rxe1+ 32. Rxe1 Rg8 33. Nc5 Qc8 34. Qe4 Qd8 35. Ne6 Qd6 36. Bxg5 Re8 37. Qf5 fxg5 38. Nfxg5 Qe7 39. Nf7+ Kg8 40. Qg4+ 1-0

[Event "EU-chT 23rd"]
[Site "Terme Catez"]
[Date "2021.11.13"]
[Round "2.16"]
[White "Georgiadis, Nico"]
[Black "Tisaj, Domen"]
[Result "1-0"]
[WhiteElo "2553"]
[BlackElo "2369"]
[PlyCount "81"]
[EventDate "2021.11.12"]
[EventType "team-swiss"]
[EventRounds "9"]
[EventCountry "SLO"]
[SourceTitle "CBM 205"]
[Source "ChessBase"]
[SourceDate "2021.12.31"]
[SourceVersion "1"]
[SourceVersionDate "2021.12.31"]
[SourceQuality "1"]
[WhiteTeam "Switzerland"]
[BlackTeam "Slovenia II"]
[WhiteTeamCountry "SUI"]
[BlackTeamCountry "SLO"]

1. e4 c5 2. Nf3 d6 3. d4 cxd4 4. Nxd4 Nf6 5. Nc3 Nc6 6. Bg5 e6 7. Qd2 a6 8. 0-0-0 Bd7 9. f4 Be7 10. Nf3 b5 11. Bxf6 gxf6 12. f5 Qb6 13. Kb1 0-0-0 14. Ne2 Kb8 15. Nf4 Bc8 16. Bd3 Na5 17. fxe6 fxe6 18. Qe2 Rhe8 19. h3 d5 20. exd5 e5 21. Nh5 Rxd5 22. Bxh7 Rxd1+ 23. Rxd1 Rh8 24. Bg6 Nc4 25. g4 Qc5 26. Bf7 Bb7 27. Bxc4 bxc4 28. Nd2 Rd8 29. Ng3 Qd4 30. Nf5 Qd7 31. Nxe7 c3 32. bxc3 Qxe7 33. Nb3 Rc8 34. Kb2 Qc7 35. Qe3 a5 36. a4 Ka8 37. Rf1 Qc6 38. g5 fxg5 39. Qxe5 Qb6 40. Qxg5 Rc4 41. Rf6 1-0

[Event "SUI-chT"]
[Site "Switzerland"]
[Date "2021.09.19"]
[Round "2.1"]
[White "Georgiadis, Nico"]
[Black "Edouard, Romain"]
[Result "1/2-1/2"]
[WhiteElo "2553"]
[BlackElo "2594"]
[PlyCount "81"]
[EventDate "2021.08.29"]
[EventType "team-tourn"]
[EventRounds "9"]
[EventCountry "SUI"]
[SourceTitle "EXT 2022"]
[Source "ChessBase"]
[SourceDate "2021.10.06"]
[SourceVersion "1"]
[SourceVersionDate "2021.10.06"]
[SourceQuality "1"]
[WhiteTeam "Winterthur"]
[BlackTeam "Geneve"]
[WhiteTeamCountry "SUI"]
[BlackTeamCountry "SUI"]

1. e4 c5 2. Nf3 d6 3. d4 cxd4 4. Nxd4 Nf6 5. Nc3 Nc6 6. Bg5 e6 7. Qd2 a6 8. 0-0-0 Bd7 9. f4 Be7 10. Nf3 b5 11. Bxf6 gxf6 12. Kb1 Qb6 13. f5 0-0-0 14. fxe6 fxe6 15. Ne2 Kb8 16. Nf4 Bc8 17. Qe1 Rhe8 18. g3 Qc7 19. Bh3 Bf8 20. Qf2 Bg7 21. c3 Qa7 22. Qxa7+ Kxa7 23. Rhf1 Bh8 24. Rd2 Kb7 25. Rfd1 Kc7 26. Nd4 Nxd4 27. cxd4 Kb8 28. d5 exd5 29. Bxc8 Rxc8 30. Rxd5 Rxe4 31. Rxd6 Kb7 32. Re6 Rxe6 33. Nxe6 Re8 34. Rd6 f5 35. b4 Bc3 36. Nc5+ Kc7 37. Rh6 Re2 38. Nxa6+ Kd7 39. a3 Rb2+ 40. Kc1 Rf2 41. Rxh7+ 1/2-1/2